000 00213 a2200109 4500
020 _a9780892392179
041 _aspa
100 _aJuan Felipe Herrera
245 _aEl niò¨ de Cabeza
942 _cBK
952 _74
999 _c20401
_d20401